00529nam a2200181 a 450000100060000000300090000600800410001502000150005604000280007108200150009910000230011424500700013726000510020730000110025849000240026965000270029365000270032018496CO-ViMGA141112s2004 ck r 000 u spa d a9681652630 aCO-ViMGAbspacCO-ViMGA04a523.8 B6441 aBohigas, Joaquín10aGenesis y transfiguración de las estrellas - Ciencia para todos aMexico, cFondo de cultura económica, c2000 a137.p. aCiencias para todos14aESTRELLAS - ESTRUCTURA14aESTRELLAS - EVALUACION